000
00312nam a2200145Ia 4500
100
_a
Kaner/Cem/ Falk/ Jack
250
_a
2
942
_c
BK
654
_a
computer
245
_a
Testing Computer Software
260
_b
John Wiley & Sons
_c
1999
082
_a
5.14
_b
KAN/FAL
546
_a
ENGLISH
999
_c
30322
_d
30322